| 000 | 00604nam a22002417a 4500 | ||
|---|---|---|---|
| 003 | OSt | ||
| 005 | 20220924113451.0 | ||
| 006 | a|||||r|||| 00| 0 | ||
| 007 | ta | ||
| 008 | 220923b |||||||| |||| 00| 0 eng d | ||
| 024 | _a152742 | ||
| 037 | _cGeneral Books | ||
| 040 |
_aARTS _cARTS _beng |
||
| 041 |
_2eng _aeng |
||
| 082 | _aY33.53, M3 | ||
| 100 |
_aScargill Ian _9169900 |
||
| 245 | 0 | _aUrban France | |
| 260 |
_aLondon _bCroom Helm _c1983 |
||
| 300 | _a186p. | ||
| 650 | _aSOCIOLOGY | ||
| 942 |
_hY33.53, M3 _cGB _2CC |
||
| 999 |
_c389793 _d389793 |
||